Fiodor Doxtoevxki tuyển tập tác phẩm : Anh em nhà Caramazov
Gorde:
| Egile nagusia: | |
|---|---|
| Formatua: | Liburua |
| Hizkuntza: | Vietnamese |
| Argitaratua: |
Văn học
2000
|
| Etiketak: |
Etiketa erantsi
Etiketarik gabe, Izan zaitez lehena erregistro honi etiketa jartzen!
|
| Thư viện lưu trữ: | Mạng thư viện Đại học Đà Nẵng |
|---|
| LEADER | 00718nam a2200253 4500 | ||
|---|---|---|---|
| 001 | 000022445 | ||
| 003 | 18893 | ||
| 005 | 20150506090537.0 | ||
| 008 | 150506s2000 viesd | ||
| 020 | |c 110000 | ||
| 041 | 0 | |a vie | |
| 082 | 1 | 4 | |a 891,73 |b DO-F |
| 100 | 1 | |a Dostoevsky, Fyodor Mikhailovich | |
| 245 | 1 | 0 | |a Fiodor Doxtoevxki tuyển tập tác phẩm : Anh em nhà Caramazov |c Fyodor Dostoyevsky ; Phạm Mạnh Hùng dịch và giới thiệu |
| 260 | |b Văn học |c 2000 | ||
| 300 | |a tr. |c cm. | ||
| OWN | |a LSP | ||
| 999 | |a From the UDN01 | ||
| TYP | |a Monograph | ||
| TYP | |a Printed language | ||
| 980 | |a Mạng thư viện Đại học Đà Nẵng | ||